| 000 | 00964nac a22002531u 4500 | ||
|---|---|---|---|
| 010 | _a 96004076 | ||
| 020 | _a0262561042 (pb : alk. paper) | ||
| 082 | 0 | 0 |
_a339.52 _bFRE |
| 090 |
_c6357 _d6357 |
||
| 100 | _aFrenkel, Jacob A. | ||
| 245 | 1 | 0 |
_aFiscal policies and growth in the world economy / _cJacob A. Frenkel and Assaf Razin, with the collaboration of Chi-Wa Yuen. |
| 250 | _a3rd ed. | ||
| 260 |
_aCambridge, Mass. : _bMIT Press,c1996. _cc1996. |
||
| 300 |
_axxi, 641 p. : _bill. ; _c23 cm. |
||
| 500 | _aDistributer: Al-Ahram. | ||
| 504 | _aIncludes bibliographical references (p. [591]-617) and index. | ||
| 511 | _aCatalogued By: Mahitab. | ||
| 650 | 0 | _aFiscal policy. | |
| 650 | 0 | _aInternational economic relations. | |
| 700 | 1 | _aRazin, Assaf. | |
| 700 | 1 |
_aYuen, Chi-Wa, _d1960- |
|
| 942 |
_cBB _k339.52FRE |
||
| 999 |
_c6357 _d6357 |
||